| 000 | 00603nam a22001937a 4500 | ||
|---|---|---|---|
| 003 | BD-DhJNU | ||
| 005 | 20250715054813.0 | ||
| 008 | 250715b |||||||| |||| 00| 0 eng d | ||
| 040 |
_aBD-DhJNU _bENG _cBD-DhJNU _dBD-DhJNU |
||
| 082 |
_223 _a321.40973 EBA |
||
| 100 | _aEbenstein, William | ||
| 245 |
_aAmerican democracy : _bin world perspective / _cWilliam Ebenstein...[et al.]. |
||
| 250 | _a2nd ed. | ||
| 260 |
_aNew York : _bHarper and Row Publishers, _c1967. |
||
| 300 |
_axix, 748p. : _bill. ; _c24 cm |
||
| 504 | _aIncludes index | ||
| 650 |
_aPolitical Science _xDemocracy |
||
| 942 |
_2ddc _cBK _n0 |
||
| 999 |
_c1897 _d1897 |
||